00500nam a22001697a 450000500170000001000150001702000260003203500140005803700130007208200080008510000160009324500530010926000370016227000710019930000260027050000340029620170804170816.0 aENG-119202 a9788175418141c295.00 aEN-102734 bDBAD/PUB a362 aSinha, A.K. aEmpowering communication skills /cby A.K. Sinha aDelhibShipra Publicationsc2016 aLG 18-19, Pankaj Central Market,I.P.Ext. PatparganjbDelhie110092 axiii,282p.c24cm(pbk) aIncludes references and index